000 003430000a22001450004500
003 MACL
040 _aMACL
090 _c32450
_d32448
100 _aNorton, Peter
245 _aComplete Guide to Microsoft window 2000 Professional
260 _bTechmedia
_c2000
350 _a240
650 _aComputer probraming
942 _cBOOK
_k005.368/Nor
999 _c32120
_d32120